El pensamiento científico de Teilhard

Wedi'i Gadw mewn:
Manylion Llyfryddiaeth
Prif Awdur: Chauchard, Paul (Awdur)
Fformat: Llyfr
Iaith:Sbaeneg
Cyhoeddwyd: Barcelona Ediciones Península 1967
Rhifyn:2a. ed
Pynciau:
Tagiau: Ychwanegu Tag
Dim Tagiau, Byddwch y cyntaf i dagio'r cofnod hwn!

MARC

LEADER 00000nam a2200000 a 4500
001 UCZ2722
003 CL-VaPUC
008 951005e19670000SP |||||||||||||||||spa|d
082 0 4 |a 215.7  |b CHA  |2 21 
100 0 |a Chauchard, Paul  |e author  |9 346485 
245 1 3 |a El pensamiento científico de Teilhard 
250 |a 2a. ed 
300 |a 262 p 
942 |c BK 
945 |d 19951005 00:00:00  |a aalvarez 
260 |a Barcelona  |b Ediciones Península  |c 1967 
600 0 7 |a TEILHARD DE CHARDIN, PIERRE  |2 CL-VaPUC  |9 315457 
650 0 |a Antropología filosófica  |9 265842 
650 0 |a Filosofía cristiana   |9 265980 
583 |a last modification  |c 19951005 00:00:00  |k Rodrigo Vera 
999 |c 239279  |d 239277 
952 |0 0  |1 0  |4 0  |6 215_700000000000000_CHA_1967  |7 0  |8 A  |9 250313  |a BIBTEO  |b BIBTEO  |d 2019-11-18  |i 2020300  |o 215.7 CHA 1967  |p 2020300  |r 2025-01-17  |w 2019-11-18  |y BK  |k ICR